|
|
|
|
| LEADER |
00000nam0a2200000 4500 |
| 001 |
181478 |
| 005 |
20231101223626.0 |
| 010 |
|
|
|a 9785915221382
|
| 035 |
|
|
|a (RuTPU)RU\TPU\book\196730
|
| 090 |
|
|
|a 181478
|
| 100 |
|
|
|a 20100608d2010 k y0rusy50 ca
|
| 101 |
0 |
|
|a rus
|
| 102 |
|
|
|a RU
|
| 105 |
|
|
|a a z 001zy
|
| 200 |
1 |
|
|a Криология Марса и других планет Солнечной системы
|f И. А. Комаров, В. С. Исаев
|
| 210 |
|
|
|a СПб.
|c Научный мир
|d 2010
|
| 215 |
|
|
|a 232 с.
|c ил.
|
| 320 |
|
|
|a Библиогр.: с. 222-232.
|
| 330 |
|
|
|a Проведено обобщение опубликованной информации по криологическим условиям и проявлениям криогенных процессов на планетах Солнечной системы и их спутниках. Основное внимание уделено сравнительному анализу данных по проявлениям криогенных процессов на Земле и Марсе, который стал в настоящее время центральным объектом многих международных исследовательских программ. Приводятся сведения о научных целях различных миссий к Марсу и основных полученных результатах. Рассмотрены достижения и мировой опыт в области применения современной измерительной аппаратуры, ее технические характеристики. В монографии используются и развиваются оригинальные разработки авторов по вопросам физического и математического моделирования криогенных процессов; математическому моделированию температурных и массовых полей в верхних горизонтах Марса, а также полей напряжений и деформаций; методикам экспериментального изучения теплофизических и механических свойств земных образцов - аналогов выявления временной и пространственной изменчивости составляющих радиационно-теплового баланса поверхности Марса, температур поверхности и их амплитуд; интерпретации наблюдаемой с орбитальных станций информации по характеру и динамике проявлений криогенных процессов в верхних горизонтах Марса. На основе гипотез о наличии в недрах мерзлых пород и высокоминерализованных рассолов, результатов последних наблюдений величина мощности мерзлых пород и криосферы Марса скорректирована в сторону ощутимого уменьшения по сравнению с более ранними расчетами.
|
| 606 |
1 |
|
|a Марс, планета
|2 stltpush
|3 (RuTPU)RU\TPU\subj\70088
|9 84620
|
| 606 |
1 |
|
|a Криология
|2 stltpush
|3 (RuTPU)RU\TPU\subj\16290
|9 42421
|
| 610 |
1 |
|
|a Солнечная система
|
| 610 |
1 |
|
|a планеты
|
| 610 |
1 |
|
|a спутники
|
| 610 |
1 |
|
|a атмосфера
|
| 610 |
1 |
|
|a рельеф
|
| 610 |
1 |
|
|a поверхность
|
| 610 |
1 |
|
|a внутреннее строение
|
| 610 |
1 |
|
|a криогенные процессы
|
| 610 |
1 |
|
|a планетология
|
| 610 |
1 |
|
|a геокриология
|
| 610 |
1 |
|
|a геологическая съемка
|
| 610 |
1 |
|
|a мониторирование
|
| 675 |
|
|
|a 523.41/.43
|v 3
|
| 675 |
|
|
|a 551.345
|v 3
|
| 700 |
|
1 |
|a Комаров
|b И. А.
|g Илья Аркадьевич
|
| 701 |
|
1 |
|a Исаев
|b В. С.
|g Владислав Сергеевич
|
| 801 |
|
1 |
|a RU
|b 63413507
|c 20100608
|
| 801 |
|
2 |
|a RU
|b 63413507
|c 20101203
|g RCR
|
| 942 |
|
|
|c BK
|
| 959 |
|
|
|a 39/20100607
|d 1
|e 0
|f ЧЗТЛ:1
|